| 000 | 00419nam a22001457a 4500 | ||
|---|---|---|---|
| 999 |
_c1799 _d1799 |
||
| 008 | 200204b ||||| |||| 00| 0 eng d | ||
| 082 | 0 | 0 |
_a621.43 _bH9451 |
| 100 |
_91413 _aHunter, Murcus C. Inman. |
||
| 245 | 1 | 0 |
_aRotary-valve engines _cby Murcus C. Inman Hunter |
| 260 |
_aLondon _bHutchinson Scientific and Technical Publication _c1951 |
||
| 300 | _a216,ill | ||
| 365 | _d8.09 | ||
| 650 | 0 | _aSteam Engines | |
| 942 | _cBK | ||